000 00785nam a2200253Ia 4500
003 OSt
005 20220918170447.0
006 a|||||r|||| 00| 0
007 ta
008 220917b |||||||| |||| 00| 0 eng d
020 _a9780230537392 (hbk)
_c3994.5
024 _a241,470
037 _b8781, 30/07/2009, Elite Publishers Distributors
_cTextual
040 _aARTS
_cARTS
_beng
041 _2eng
_aeng
082 _aP:(S:4), P9
100 _aHolme Randal
_929182
245 0 _aCognitive linguistics and language teaching
260 _aNew York
_bPalgrave Macmillan USA
_c2009
300 _axiii,251p.
_ccm.
650 _aLINGUISTICS
942 _hP:(S:4), P9
_cTEXL
_2CC
999 _c134240
_d134240